000 00524nam a2200169Ia 4500
003 GCL
008 140319s9999 xx 000 0 ara d
040 _aGCL /
_cGCL
082 0 4 _a340.54
_bع ا
100 1 _aعلى حافظ
245 1 0 _aاساس العدالة فى القانون الرومانى /
_cعلى حافظ
300 _a156 ص
490 _aالهيئة العامة للاستعلامات
_v0
650 0 4 _aالقانون الرومانى
650 0 4 _aالاخلاق القانونية
942 _2ddc
_cBK
999 _c47352
_d47352